[Event "38. Open Ciudad de San Sebastián"]
[Site "San Sebastián ESP"]
[Date "2015.03.29"]
[Round "3.9"]
[White "Perez Pacheco, Ricardo"]
[Black "Aranaz Murillo, Amalia"]
[Result "1/2-1/2"]
[WhiteElo "2058"]
[BlackElo "2319"]
[PlyCount "65"]
[EventDate "2015.03.28"]
[EventType "swiss"]
[EventRounds "9"]
[EventCountry "ESP"]
[Source "lmi"]
[SourceDate "2015.03.28"]

1. e4 e6 2. d4 d5 3. Nd2 c5 4. exd5 Qxd5 5. Ngf3 cxd4 6. Bc4 Qd7 7. Nb3 Nc6 8.
Nbxd4 Nxd4 9. Qxd4 Qxd4 10. Nxd4 a6 11. Bf4 Nf6 12. O-O Bc5 13. Rad1 O-O 14. c3
b5 15. Be2 Bb7 16. Bf3 Nd5 17. Bg3 Rac8 18. a4 Bxd4 19. Rxd4 Ba8 20. axb5 axb5
21. Ra1 Bc6 22. Ra6 Rfd8 23. h3 h6 24. b3 Be8 25. c4 bxc4 26. bxc4 Nb4 27. Rxd8
Rxd8 28. Rb6 Nd3 29. Rd6 Rxd6 30. Bxd6 Ne1 31. Be4 f5 32. Bb7 Nc2 33. Kf1
1/2-1/2

[Event "38. Open Ciudad de San Sebastián"]
[Site "San Sebastián ESP"]
[Date "2015.03.29"]
[Round "3.10"]
[White "Lopez De Turiso, Jose Angel"]
[Black "Cruz Lledo, Pablo"]
[Result "0-1"]
[WhiteElo "2046"]
[BlackElo "2284"]
[PlyCount "60"]
[EventDate "2015.03.28"]
[EventType "swiss"]
[EventRounds "9"]
[EventCountry "ESP"]
[Source "lmi"]
[SourceDate "2015.03.28"]

1. e4 c6 2. d4 d5 3. exd5 cxd5 4. c4 Nf6 5. Nc3 Be6 6. c5 g6 7. Bd3 Bg7 8. Nge2
O-O 9. O-O Nc6 10. f3 b6 11. Bb5 Bd7 12. Bxc6 Bxc6 13. b4 bxc5 14. dxc5 e5 15.
b5 d4 16. bxc6 dxc3 17. Nxc3 Qd4+ 18. Qxd4 exd4 19. Nb5 Nd5 20. Bd2 Rfc8 21.
Rac1 Rxc6 22. Rfe1 a6 23. Nd6 d3 24. Re4 f5 25. Ra4 Rb8 26. Rd1 Rxc5 27. Rxa6
Bd4+ 28. Kf1 Rc2 29. Ra3 Rxd2 30. Rxd3 Rxd1+ 0-1

[Event "38. Open Ciudad de San Sebastián"]
[Site "San Sebastián ESP"]
[Date "2015.03.29"]
[Round "3.11"]
[White "Sanchez Saez, Francisco"]
[Black "Farnault, Eric"]
[Result "1/2-1/2"]
[WhiteElo "2281"]
[BlackElo "2007"]
[PlyCount "40"]
[EventDate "2015.03.28"]
[EventType "swiss"]
[EventRounds "9"]
[EventCountry "ESP"]
[Source "lmi"]
[SourceDate "2015.03.28"]

1. Nf3 Nf6 2. c4 b6 3. b3 Bb7 4. Bb2 e6 5. d4 Bb4+ 6. Nc3 Ne4 7. Qc2 Qf6 8. a3
Bxc3+ 9. Bxc3 Nxc3 10. Qxc3 c5 11. O-O-O Nc6 12. e3 O-O 13. Qb2 cxd4 14. Nxd4
Nxd4 15. Rxd4 d5 16. Rf4 Qxb2+ 17. Kxb2 Rac8 18. Rd4 Rfd8 19. f3 Rf8 20. Rd2 e5
1/2-1/2

[Event "38. Open Ciudad de San Sebastián"]
[Site "San Sebastián ESP"]
[Date "2015.03.29"]
[Round "3.12"]
[White "Fabregas, Oliver"]
[Black "Nava Pereda, Carlos"]
[Result "0-1"]
[WhiteElo "2025"]
[BlackElo "2266"]
[PlyCount "92"]
[EventDate "2015.03.28"]
[EventType "swiss"]
[EventRounds "9"]
[EventCountry "ESP"]
[Source "lmi"]
[SourceDate "2015.03.28"]

1. Nf3 g6 2. g3 Bg7 3. Bg2 Nf6 4. O-O O-O 5. d3 d5 6. Nbd2 Re8 7. e4 e5 8. c3
a5 9. Qc2 Nc6 10. Rd1 h6 11. Nf1 d4 12. Bd2 Be6 13. c4 Nd7 14. h4 Nc5 15. N1h2
f5 16. Ne1 Nb4 17. Bxb4 axb4 18. Qd2 b3 19. exf5 gxf5 20. Qb4 Bf8 21. axb3 Nxd3
22. Rxa8 Nxb4 23. Rxd8 Rxd8 24. Bxb7 e4 25. g4 c6 26. Ng2 fxg4 27. Nf4 Bf5 28.
Nf1 Rb8 29. Rxd4 Bg7 30. Rd2 Rxb7 31. Ne3 Rd7 32. Re2 Bh7 33. Nxg4 Nd3 34. Nh5
Rd6 35. Nxg7 Kxg7 36. Kf1 c5 37. h5 Rb6 38. f3 Bf5 39. Nh2 Rxb3 40. fxe4 Bh3+
41. Kg1 Rxb2 42. Rxb2 Nxb2 43. Kf2 Nxc4 44. Kg3 Be6 45. Nf3 Bf7 46. Kg4 Kf6 0-1

[Event "38. Open Ciudad de San Sebastián"]
[Site "San Sebastián ESP"]
[Date "2015.03.30"]
[Round "4.1"]
[White "Espinosa Aranda, Angel"]
[Black "Vazquez Igarza, Renier"]
[Result "0-1"]
[WhiteElo "2408"]
[BlackElo "2596"]
[PlyCount "122"]
[EventDate "2015.03.28"]
[EventType "swiss"]
[EventRounds "9"]
[EventCountry "ESP"]
[Source "lmi"]
[SourceDate "2015.03.28"]

1. e4 c5 2. Nf3 e6 3. d4 cxd4 4. Nxd4 Nc6 5. Nc3 Qc7 6. Be2 a6 7. O-O Nf6 8.
Be3 Be7 9. f4 d6 10. Qe1 O-O 11. Rd1 Bd7 12. Qg3 Nxd4 13. Bxd4 Bc6 14. e5 dxe5
15. fxe5 Ne4 16. Nxe4 Bxe4 17. c3 Rad8 18. Qe3 Qc6 19. Bf3 Bxf3 20. Rxf3 Bc5
21. Rg3 g6 22. Rh3 Bxd4 23. Rxd4 Rxd4 24. Qxd4 Qb5 25. b4 Qe2 26. Re3 Qxa2 27.
h4 h5 28. Rf3 a5 29. bxa5 Qxa5 30. Qf4 Qd8 31. Qg3 Qd2 32. Kh2 Rd8 33. Rf2 Qe1
34. Qf4 Rf8 35. Rf3 b5 36. Qf6 Qe4 37. Rf4 Qd3 38. Rf3 Qd8 39. Rg3 Qxf6 40.
exf6 Kh7 41. Rg5 Rb8 42. Rc5 b4 43. cxb4 Rxb4 44. g3 Rg4 45. Rc7 g5 46. Rxf7+
Kg6 47. Rf8 gxh4 48. gxh4 Rxh4+ 49. Kg3 Rg4+ 50. Kh3 Rf4 51. Kg3 Rxf6 52. Rg8+
Kf5 53. Kh4 e5 54. Rg5+ Kf4 55. Rg1 e4 56. Kxh5 e3 57. Rf1+ Ke5 58. Re1 Ke4 59.
Kg4 Rg6+ 60. Kh3 e2 61. Rxe2+ Kf3 0-1

[Event "38. Open Ciudad de San Sebastián"]
[Site "San Sebastián ESP"]
[Date "2015.03.30"]
[Round "4.2"]
[White "Epishin, Vladimir"]
[Black "Pap, Misa"]
[Result "1-0"]
[WhiteElo "2563"]
[BlackElo "2459"]
[PlyCount "81"]
[EventDate "2015.03.28"]
[EventType "swiss"]
[EventRounds "9"]
[EventCountry "ESP"]
[Source "lmi"]
[SourceDate "2015.03.28"]

1. Nf3 f5 2. d3 d6 3. e4 e5 4. Be2 Nf6 5. exf5 Bxf5 6. O-O Be7 7. d4 e4 8. Ne1
d5 9. Bf4 O-O 10. c3 Nbd7 11. Nd2 c6 12. Qb3 b5 13. a4 a6 14. axb5 axb5 15.
Rxa8 Qxa8 16. Nc2 Nb6 17. Ra1 Qb7 18. Ne3 Bg6 19. Ndf1 Nfd7 20. Bg3 Ra8 21. Qd1
Na4 22. Qc2 Nab6 23. Rxa8+ Qxa8 24. b3 Qa1 25. h3 h5 26. Kh2 Nf8 27. h4 Ne6 28.
b4 Na4 29. Nd1 Nxc3 30. Nxc3 Nxd4 31. Qd2 Nb3 32. Qc2 Nd4 33. Qd2 Bf6 34. Bd1
Nf3+ 35. gxf3 Bxc3 36. Qc2 Bxb4 37. Qxc6 Kh7 38. Qxd5 exf3 39. Ne3 Be1 40. Bc2
Qf6 41. Qxh5+ 1-0

[Event "38. Open Ciudad de San Sebastián"]
[Site "San Sebastián ESP"]
[Date "2015.03.30"]
[Round "4.3"]
[White "Libiszewski, Fabien"]
[Black "Cruz Lledo, Pablo"]
[Result "1-0"]
[WhiteElo "2514"]
[BlackElo "2284"]
[PlyCount "41"]
[EventDate "2015.03.28"]
[EventType "swiss"]
[EventRounds "9"]
[EventCountry "ESP"]
[Source "lmi"]
[SourceDate "2015.03.28"]

1. e4 c6 2. d4 d5 3. e5 c5 4. c4 cxd4 5. Nf3 dxc4 6. Qxd4 Qc7 7. Nc3 Be6 8. Ng5
Nc6 9. Nxe6 fxe6 10. Qxc4 Qxe5+ 11. Be2 Nf6 12. Bf4 Qd4 13. Nb5 Qxc4 14. Bxc4
e5 15. O-O-O e6 16. Nc7+ Kf7 17. Nxa8 exf4 18. Nc7 Ne4 19. Rhe1 Nc5 20. Nxe6
Nxe6 21. Rxe6 1-0

[Event "38. Open Ciudad de San Sebastián"]
[Site "San Sebastián ESP"]
[Date "2015.03.30"]
[Round "4.4"]
[White "Oratovsky, Michael"]
[Black "Iagar, Razvan-gabriel"]
[Result "1-0"]
[WhiteElo "2486"]
[BlackElo "2189"]
[PlyCount "81"]
[EventDate "2015.03.28"]
[EventType "swiss"]
[EventRounds "9"]
[EventCountry "ESP"]
[Source "lmi"]
[SourceDate "2015.03.28"]

1. e4 e6 2. d4 d5 3. Nd2 c5 4. Ngf3 cxd4 5. Nxd4 Nc6 6. Bb5 Bd7 7. Nxc6 Bxc6 8.
Bxc6+ bxc6 9. c4 Nf6 10. Qa4 Qd7 11. e5 Ng4 12. Nf3 h5 13. O-O Rb8 14. b3 Bc5
15. Ba3 Bxa3 16. Qxa3 Qe7 17. Qa4 O-O 18. h3 Nh6 19. Nd4 Qc7 20. Nxc6 Rb6 21.
cxd5 exd5 22. Rac1 Kh8 23. Qxa7 Qxa7 24. Nxa7 Ra6 25. Nc6 Rxa2 26. b4 Ra6 27.
Rfd1 Rc8 28. b5 Rb6 29. Rxd5 Nf5 30. Rcc5 g6 31. Rd8+ Rxd8 32. Nxd8 Kg8 33. Nc6
Kf8 34. Rd5 Ng7 35. Rd8+ Ne8 36. Rb8 Rxb8 37. Nxb8 Ke7 38. b6 Kd8 39. Na6 Kc8
40. Nc5 Ng7 41. g4 1-0

[Event "38. Open Ciudad de San Sebastián"]
[Site "San Sebastián ESP"]
[Date "2015.03.30"]
[Round "4.5"]
[White "Nava Pereda, Carlos"]
[Black "Tratar, Marko"]
[Result "0-1"]
[WhiteElo "2266"]
[BlackElo "2475"]
[PlyCount "60"]
[EventDate "2015.03.28"]
[EventType "swiss"]
[EventRounds "9"]
[EventCountry "ESP"]
[Source "lmi"]
[SourceDate "2015.03.28"]

1. d4 e6 2. Nf3 Nf6 3. Bg5 h6 4. Bh4 b6 5. Nbd2 Bb7 6. e3 Be7 7. c3 O-O 8. Bd3
d6 9. O-O Nbd7 10. Qe2 a6 11. Rfd1 Re8 12. a4 Ra7 13. h3 Qa8 14. Bg3 Bf8 15. e4
e5 16. d5 c6 17. c4 Nc5 18. b4 Nxd3 19. Qxd3 b5 20. axb5 axb5 21. Rxa7 Qxa7 22.
dxc6 Qa4 23. cxb7 Qxd1+ 24. Kh2 Qa4 25. Nxe5 dxe5 26. Bxe5 Qa7 27. b8=Q Rxb8
28. Bxb8 Qxb8+ 29. g3 Bxb4 30. cxb5 Bxd2 0-1

[Event "38. Open Ciudad de San Sebastián"]
[Site "San Sebastián ESP"]
[Date "2015.03.30"]
[Round "4.6"]
[White "Martinez De Miguel, Pedro"]
[Black "Galego, Luis"]
[Result "0-1"]
[WhiteElo "2110"]
[BlackElo "2461"]
[PlyCount "76"]
[EventDate "2015.03.28"]
[EventType "swiss"]
[EventRounds "9"]
[EventCountry "ESP"]
[Source "lmi"]
[SourceDate "2015.03.28"]

1. e4 c5 2. Nf3 e6 3. d4 cxd4 4. Nxd4 a6 5. Bd3 Qb6 6. Nb3 Nc6 7. O-O Nf6 8.
Nc3 d6 9. Be3 Qc7 10. a4 b6 11. f4 Bb7 12. Qf3 Be7 13. Qg3 g6 14. Rae1 O-O 15.
e5 dxe5 16. fxe5 Nh5 17. Qf2 Nxe5 18. Bxb6 Nxd3 19. cxd3 Qb8 20. a5 Qc8 21. Ne4
Bxe4 22. dxe4 Qc4 23. Nc5 Qb5 24. Rd1 Nf6 25. Qe3 Rac8 26. Rc1 Qxb2 27. Nxa6
Ng4 28. Qe1 Bd6 29. Rxc8 Bxh2+ 30. Kh1 Rxc8 31. Qa1 Qb5 32. Nc5 Be5 33. Qb1
Rxc5 34. Bxc5 Qxc5 35. Qb6 Qa3 36. Qd8+ Kg7 37. Qd7 Nf6 38. Qa7 Qg3 0-1

[Event "38. Open Ciudad de San Sebastián"]
[Site "San Sebastián ESP"]
[Date "2015.03.30"]
[Round "4.7"]
[White "Gonzalez Pereira, Asier"]
[Black "Andres Gonzalez, Ivan"]
[Result "1/2-1/2"]
[WhiteElo "2068"]
[BlackElo "2360"]
[PlyCount "50"]
[EventDate "2015.03.28"]
[EventType "swiss"]
[EventRounds "9"]
[EventCountry "ESP"]
[Source "lmi"]
[SourceDate "2015.03.28"]

1. e4 c5 2. Nf3 d6 3. d4 cxd4 4. Nxd4 Nf6 5. Nc3 Nc6 6. Bg5 Qb6 7. Bxf6 gxf6 8.
Nb3 e6 9. Qh5 Bd7 10. Be2 a6 11. O-O-O Rc8 12. Kb1 Qxf2 13. Rdf1 Qe3 14. Rxf6
Ne5 15. Rhf1 Be7 16. Rxf7 Nxf7 17. Qxf7+ Kd8 18. Qg7 Re8 19. Bh5 Qg5 20. Qxg5
Bxg5 21. Bxe8 Kxe8 22. e5 d5 23. Nd4 Ke7 24. Rf3 Rg8 25. g3 h5 1/2-1/2

[Event "38. Open Ciudad de San Sebastián"]
[Site "San Sebastián ESP"]
[Date "2015.03.30"]
[Round "4.8"]
[White "Aranaz Murillo, Amalia"]
[Black "Prieto Aranguren, Alain"]
[Result "1-0"]
[WhiteElo "2319"]
[BlackElo "2216"]
[PlyCount "77"]
[EventDate "2015.03.28"]
[EventType "swiss"]
[EventRounds "9"]
[EventCountry "ESP"]
[Source "lmi"]
[SourceDate "2015.03.28"]

1. Nf3 Nf6 2. c4 g6 3. g3 Bg7 4. Bg2 O-O 5. O-O d6 6. d4 Nbd7 7. Nc3 e5 8. e4
c6 9. b3 Re8 10. h3 exd4 11. Nxd4 Nc5 12. Re1 Qe7 13. Bf4 Nh5 14. Be3 Ne6 15.
Nde2 Nf6 16. Rc1 Nc5 17. f3 a5 18. Bf2 Bh6 19. f4 Bd7 20. Rc2 Rad8 21. Rd2 Bc8
22. Nd4 Qc7 23. Qc2 g5 24. fxg5 Bxg5 25. Rde2 Nfd7 26. Nf3 Bf6 27. e5 dxe5 28.
g4 Ne6 29. Bg3 Qb6+ 30. Kh1 Nd4 31. Nxd4 Qxd4 32. Ne4 Qb6 33. Nxf6+ Nxf6 34.
Bxe5 c5 35. Ba1 Rxe2 36. Qxe2 Nd7 37. Qb2 f6 38. Bd5+ Kf8 39. Qd2 1-0

[Event "38. Open Ciudad de San Sebastián"]
[Site "San Sebastián ESP"]
[Date "2015.03.30"]
[Round "4.9"]
[White "Hernandez, Elvis"]
[Black "Encinas Encinas, Alvaro"]
[Result "1-0"]
[WhiteElo "2308"]
[BlackElo "2076"]
[PlyCount "61"]
[EventDate "2015.03.28"]
[EventType "swiss"]
[EventRounds "9"]
[EventCountry "ESP"]
[Source "lmi"]
[SourceDate "2015.03.28"]

1. e4 c5 2. Nf3 e6 3. c3 Nf6 4. e5 Nd5 5. d4 Nc6 6. Bd3 cxd4 7. cxd4 Qa5+ 8.
Kf1 d6 9. Na3 dxe5 10. Nc4 Qc7 11. dxe5 a6 12. a4 Ncb4 13. h4 Bd7 14. Be2 Rd8
15. Bd2 b5 16. axb5 Bxb5 17. Rc1 Qa7 18. Qb3 Qd7 19. Ng5 Ba4 20. Qf3 Bc2 21.
Rh3 h5 22. Ne4 Bxe4 23. Qxe4 Rb8 24. Rg3 g6 25. Bd1 Nb6 26. Nxb6 Qxd2 27. Ba4+
Kd8 28. Rd1 Qxd1+ 29. Bxd1 Rxb6 30. Qa8+ Kc7 31. Qa7+ 1-0

[Event "38. Open Ciudad de San Sebastián"]
[Site "San Sebastián ESP"]
[Date "2015.03.30"]
[Round "4.10"]
[White "Troffiguer, Olivier"]
[Black "Sanchez Saez, Francisco"]
[Result "1/2-1/2"]
[WhiteElo "2092"]
[BlackElo "2281"]
[PlyCount "44"]
[EventDate "2015.03.28"]
[EventType "swiss"]
[EventRounds "9"]
[EventCountry "ESP"]
[Source "lmi"]
[SourceDate "2015.03.28"]

1. d4 Nf6 2. c4 g6 3. f3 Bg7 4. e4 d6 5. Nc3 O-O 6. Be3 Nc6 7. Nge2 a6 8. Qd2
Re8 9. d5 Ne5 10. Ng3 c5 11. Be2 Rb8 12. O-O Bd7 13. a4 Qb6 14. a5 Qb3 15. Ra3
Qb4 16. Rfa1 Nxc4 17. Bxc4 Qxc4 18. Ra4 Bxa4 19. Rxa4 Qb3 20. Ra3 Qb4 21. Ra4
Qb3 22. Nge2 Nd7 1/2-1/2

[Event "38. Open Ciudad de San Sebastián"]
[Site "San Sebastián ESP"]
[Date "2015.03.30"]
[Round "4.11"]
[White "Farnault, Eric"]
[Black "Sanchez Botella, Luis Javier"]
[Result "0-1"]
[WhiteElo "2007"]
[BlackElo "2259"]
[PlyCount "104"]
[EventDate "2015.03.28"]
[EventType "swiss"]
[EventRounds "9"]
[EventCountry "ESP"]
[Source "lmi"]
[SourceDate "2015.03.28"]

1. e4 c5 2. Nf3 d6 3. d4 cxd4 4. Nxd4 a6 5. Nc3 e6 6. Be2 b5 7. O-O Bb7 8. Bf3
Qc7 9. a4 bxa4 10. Rxa4 Nd7 11. Qe2 Ne5 12. Bh5 g6 13. f4 Nc6 14. Bf3 Bg7 15.
Nxc6 Qxc6 16. Rc4 Qd7 17. Rd1 Ne7 18. Qd3 Nc8 19. Be3 O-O 20. Bd4 Bh6 21. g3
Re8 22. Be5 Bf8 23. Kg2 a5 24. Qd2 Nb6 25. Rd4 Qc6 26. Bf6 e5 27. Rxd6 Bxd6 28.
Qxd6 Nc4 29. Qxc6 Bxc6 30. Kf2 Re6 31. fxe5 Nxe5 32. Bxe5 Rxe5 33. Rd6 Re6 34.
Rd4 a4 35. Nd5 Rb8 36. Nb4 Be8 37. c3 Kg7 38. h4 h5 39. Be2 Reb6 40. Bf3 Rc8
41. Rd2 Bb5 42. Nd5 Rbb8 43. Ke3 Bc4 44. Kd4 Bb3 45. Ke5 Bxd5 46. exd5 a3 47.
bxa3 Rxc3 48. Be4 Re8+ 49. Kd4 Rxa3 50. Bd3 f5 51. Rb2 Ra4+ 52. Bc4 Re4+ 0-1

[Event "38. Open Ciudad de San Sebastián"]
[Site "San Sebastián ESP"]
[Date "2015.03.30"]
[Round "4.12"]
[White "Jimenez Almeida, Luis David"]
[Black "Sadusea, Johnny"]
[Result "0-1"]
[WhiteElo "2244"]
[BlackElo "2071"]
[PlyCount "110"]
[EventDate "2015.03.28"]
[EventType "swiss"]
[EventRounds "9"]
[EventCountry "ESP"]
[Source "lmi"]
[SourceDate "2015.03.28"]

1. d4 d5 2. Nf3 c6 3. c4 Nf6 4. e3 e6 5. b3 Nbd7 6. Bb2 Be7 7. Bd3 O-O 8. O-O
b6 9. Nbd2 Bb7 10. Ne5 c5 11. f4 Ne4 12. Nxe4 dxe4 13. Bc2 f5 14. Qe2 Nxe5 15.
fxe5 Qc7 16. Rad1 Rad8 17. g4 g6 18. Rf2 cxd4 19. Bxd4 Bg5 20. gxf5 exf5 21. b4
Bc8 22. c5 Be6 23. Bb3 Bxb3 24. axb3 Rfe8 25. Qc4+ Qf7 26. Qxf7+ Kxf7 27. Ra1
Re7 28. Rfa2 Rxd4 29. exd4 Be3+ 30. Kf1 Bxd4 31. Rd1 bxc5 32. bxc5 Bxc5 33. Rd5
Bb6 34. Rc2 Ke6 35. Rb5 Rd7 36. Rc6+ Ke7 37. h4 f4 38. Rb4 f3 39. Rd6 Rc7 40.
Rxe4 Rc1+ 41. Re1 Rc2 42. Re4 Rf2+ 43. Ke1 Rh2 44. Rxb6 axb6 45. Rb4 Ke6 46.
Rxb6+ Kxe5 47. Rb4 Kf5 48. Rc4 h6 49. b4 g5 50. hxg5 hxg5 51. Kf1 g4 52. Rc8
Rb2 53. Rb8 Kf4 54. Rf8+ Kg3 55. Ke1 Rxb4 0-1

[Event "38. Open Ciudad de San Sebastián"]
[Site "San Sebastián ESP"]
[Date "2015.03.30"]
[Round "4.13"]
[White "Prosviriakov, Vladimir"]
[Black "Perez Pacheco, Ricardo"]
[Result "1-0"]
[WhiteElo "2227"]
[BlackElo "2058"]
[PlyCount "63"]
[EventDate "2015.03.28"]
[EventType "swiss"]
[EventRounds "9"]
[EventCountry "ESP"]
[Source "lmi"]
[SourceDate "2015.03.28"]

1. d4 Nf6 2. Nf3 e6 3. Bg5 h6 4. Bxf6 Qxf6 5. Nbd2 d5 6. e3 c5 7. c3 Nc6 8. Bd3
cxd4 9. exd4 Bd6 10. O-O g5 11. Re1 Bd7 12. Qe2 O-O-O 13. Ne5 Qe7 14. b4 h5 15.
b5 Nxe5 16. dxe5 Bc5 17. Nb3 Kb8 18. a4 g4 19. a5 Rdg8 20. Kh1 h4 21. b6 axb6
22. axb6 Bxb6 23. Nd4 g3 24. fxg3 hxg3 25. h3 Bxd4 26. cxd4 Bc6 27. Qb2 Qc7 28.
Rec1 Kc8 29. Bb5 Kd8 30. Ra8+ Ke7 31. Qb4+ Kd7 32. Ra7 1-0

[Event "38. Open Ciudad de San Sebastián"]
[Site "San Sebastián ESP"]
[Date "2015.03.30"]
[Round "4.14"]
[White "Boricsev, Oleg"]
[Black "Ouadi, Wahbi"]
[Result "1-0"]
[WhiteElo "2356"]
[BlackElo "1896"]
[PlyCount "69"]
[EventDate "2015.03.28"]
[EventType "swiss"]
[EventRounds "9"]
[EventCountry "ESP"]
[Source "lmi"]
[SourceDate "2015.03.28"]

1. e4 d5 2. exd5 Qxd5 3. Nc3 Qa5 4. d4 Nf6 5. Bc4 Bf5 6. Nf3 e6 7. Bd2 c6 8.
Ne4 Qb6 9. Ng3 Bg4 10. Bc3 Nbd7 11. h3 Bxf3 12. Qxf3 Bd6 13. O-O-O O-O-O 14.
Nh5 Rhg8 15. a3 Qc7 16. g3 Nxh5 17. Qxh5 Nf6 18. Qe2 Nd5 19. Bd2 Qe7 20. Bd3 a6
21. c4 Nf6 22. Bc3 Rge8 23. Rhe1 Qc7 24. Kb1 c5 25. Bc2 cxd4 26. Bxd4 Bxa3 27.
Bxf6 gxf6 28. bxa3 Rd6 29. Rxd6 Qxd6 30. Ka2 Rg8 31. Qe3 Rg5 32. Rd1 Qc7 33.
Bb3 Re5 34. Qa7 Re2+ 35. Kb1 1-0

[Event "38. Open Ciudad de San Sebastián"]
[Site "San Sebastián ESP"]
[Date "2015.03.30"]
[Round "4.15"]
[White "Rodmacq, Clement"]
[Black "Andres Gonzalez, Alberto"]
[Result "0-1"]
[WhiteElo "2021"]
[BlackElo "2515"]
[PlyCount "56"]
[EventDate "2015.03.28"]
[EventType "swiss"]
[EventRounds "9"]
[EventCountry "ESP"]
[Source "lmi"]
[SourceDate "2015.03.28"]

1. e4 d5 2. exd5 Qxd5 3. Nc3 Qd8 4. d4 c6 5. Bc4 Bf5 6. Bxf7+ Kxf7 7. Qf3 e6 8.
g4 Qxd4 9. gxf5 Qe5+ 10. Be3 Qxf5 11. O-O-O Nf6 12. Rd8 Ke7 13. Rd4 Qxf3 14.
Nxf3 Nbd7 15. Re1 Re8 16. Bf4 h6 17. Ne4 Nxe4 18. Rexe4 Nf6 19. Bd6+ Kf7 20.
Ne5+ Kg8 21. Rf4 Kh7 22. h4 Nd5 23. Rxf8 Rhxf8 24. Bxf8 Rxf8 25. c4 Rf4 26. Rd2
Nf6 27. h5 Nxh5 28. Rd8 Re4 0-1

[Event "38. Open Ciudad de San Sebastián"]
[Site "San Sebastián ESP"]
[Date "2015.03.30"]
[Round "4.16"]
[White "Buiza Prieto, Aizbeltz"]
[Black "Chabanon, Jean-luc"]
[Result "0-1"]
[WhiteElo "1991"]
[BlackElo "2491"]
[PlyCount "120"]
[EventDate "2015.03.28"]
[EventType "swiss"]
[EventRounds "9"]
[EventCountry "ESP"]
[Source "lmi"]
[SourceDate "2015.03.28"]

1. e4 d6 2. d4 Nf6 3. Nc3 g6 4. Be3 a6 5. Qd2 b5 6. f3 Nbd7 7. Bh6 Bxh6 8. Qxh6
c5 9. Nge2 Qa5 10. Qd2 Nb6 11. Nd1 Qxd2+ 12. Kxd2 cxd4 13. Nxd4 e5 14. Nc6 Be6
15. Ne3 Kd7 16. Nb4 Nc4+ 17. Bxc4 bxc4 18. Rhd1 a5 19. Nbd5 Bxd5 20. Nxd5 Nxd5
21. exd5 Rhc8 22. Kc3 Rc5 23. Rd2 Rb8 24. Re1 Rcb5 25. b3 cxb3 26. axb3 a4 27.
Rb1 Rc8+ 28. Kb2 Rcc5 29. Rbd1 f5 30. Ka3 axb3 31. cxb3 Rc3 32. Rb1 Kc7 33. Ka4
Rb8 34. Rbb2 Kb6 35. Rbc2 Rbc8 36. Rxc3 Rxc3 37. Kb4 Rc1 38. Rd3 Rc2 39. g3 g5
40. h3 h5 41. g4 hxg4 42. hxg4 f4 43. Rd1 Rc5 44. Rd2 Rc1 45. Rd3 Kb7 46. Kb5
Re1 47. b4 Re3 48. Kc4 e4 49. fxe4 Rxe4+ 50. Kc3 Kb6 51. Rh3 Kb5 52. Rh6 f3 53.
Rf6 Rxb4 54. Rxf3 Rxg4 55. Rf8 Kc5 56. Rf5 Rg3+ 57. Kd2 Kd4 58. Ke2 Re3+ 59.
Kf2 Re5 60. Rxe5 Kxe5 0-1

[Event "38. Open Ciudad de San Sebastián"]
[Site "San Sebastián ESP"]
[Date "2015.03.30"]
[Round "4.17"]
[White "Capote Robayna, Nathaniel"]
[Black "Shehab, Ibrahim"]
[Result "1-0"]
[WhiteElo "2277"]
[BlackElo "1934"]
[PlyCount "73"]
[EventDate "2015.03.28"]
[EventType "swiss"]
[EventRounds "9"]
[EventCountry "ESP"]
[Source "lmi"]
[SourceDate "2015.03.28"]

1. e4 e5 2. Nf3 Nf6 3. Nxe5 d6 4. Nf3 Nxe4 5. c4 Be7 6. Nc3 Nxc3 7. bxc3 O-O 8.
Be2 Bf5 9. O-O Nd7 10. Nd4 Bg6 11. f4 c5 12. Nc2 Be4 13. d3 Bc6 14. Ne3 Bf6 15.
Qb3 Qa5 16. Bd2 Rfe8 17. Bf3 Bd4 18. Rae1 Nf6 19. cxd4 Qxd2 20. Re2 Qa5 21. d5
Bd7 22. Rfe1 Rab8 23. g4 Ba4 24. Qb2 Qd8 25. g5 Rxe3 26. Rxe3 Ne8 27. Bg4 Bd7
28. Bxd7 Qxd7 29. Re7 Qg4+ 30. Qg2 Qxg2+ 31. Kxg2 Kf8 32. Rd7 f6 33. Ree7 a6
34. Rxb7 Ra8 35. Ra7 Rc8 36. Rab7 fxg5 37. fxg5 1-0

[Event "38. Open Ciudad de San Sebastián"]
[Site "San Sebastián ESP"]
[Date "2015.03.30"]
[Round "4.19"]
[White "Arvidsson, Jonas"]
[Black "Torres Ganuza, Francisco Javier"]
[Result "1-0"]
[WhiteElo "1926"]
[BlackElo "2147"]
[PlyCount "49"]
[EventDate "2015.03.28"]
[EventType "swiss"]
[EventRounds "9"]
[EventCountry "ESP"]
[Source "lmi"]
[SourceDate "2015.03.28"]

1. e4 c5 2. Nf3 e6 3. Nc3 d6 4. d4 cxd4 5. Nxd4 Nf6 6. g4 a6 7. g5 Nfd7 8. h4
Nc6 9. Be3 Qc7 10. h5 Nb6 11. Rg1 Na5 12. g6 hxg6 13. hxg6 Nac4 14. gxf7+ Qxf7
15. b3 Nxe3 16. fxe3 Be7 17. Qg4 Bh4+ 18. Kd2 Bf6 19. Bd3 Bd7 20. e5 Rh4 21.
Qg3 dxe5 22. Bg6 exd4 23. Bxf7+ Kxf7 24. Raf1 dxe3+ 25. Kc1 1-0

[Event "38. Open Ciudad de San Sebastián"]
[Site "San Sebastián ESP"]
[Date "2015.03.30"]
[Round "4.20"]
[White "Martin Iribar, Ander"]
[Black "Aranaz Portugues, Jose Carlos"]
[Result "1/2-1/2"]
[WhiteElo "1886"]
[BlackElo "2121"]
[PlyCount "115"]
[EventDate "2015.03.28"]
[EventType "swiss"]
[EventRounds "9"]
[EventCountry "ESP"]
[Source "lmi"]
[SourceDate "2015.03.28"]

1. Nf3 e6 2. c4 d5 3. g3 Nf6 4. d4 c6 5. Qc2 Ne4 6. Bg2 f5 7. O-O Bd6 8. Bf4
O-O 9. Nbd2 b6 10. Rab1 a5 11. Bxd6 Qxd6 12. cxd5 cxd5 13. Ne5 Ba6 14. Nxe4
dxe4 15. Qd2 Rd8 16. Rfd1 Nd7 17. Nxd7 Rxd7 18. f3 exf3 19. Bxf3 Rad8 20. Qg5
Bc4 21. b3 Bd5 22. Bxd5 Qxd5 23. e3 Rc8 24. Rbc1 Rdc7 25. Rxc7 Rxc7 26. Qh5 g6
27. Qe2 Qe4 28. Kf2 g5 29. Rd2 g4 30. Qd1 Rc3 31. Re2 b5 32. Qe1 b4 33. Kg1 Qc6
34. Rd2 Rc1 35. Rd1 Rc2 36. Qf1 Qe4 37. Re1 Rxa2 38. Re2 Rxe2 39. Qxe2 Qb1+ 40.
Kf2 Qxb3 41. Qb5 Qc2+ 42. Kg1 Qd1+ 43. Kg2 Qf3+ 44. Kg1 Qxe3+ 45. Kg2 Qe4+ 46.
Kf1 Qh1+ 47. Ke2 Qxh2+ 48. Kd1 Qh1+ 49. Kc2 Qe4+ 50. Kc1 Qe1+ 51. Kc2 Qc3+ 52.
Kb1 Qxd4 53. Qe8+ Kg7 54. Qe7+ Kg6 55. Qe8+ Kh6 56. Qxe6+ Kg7 57. Qe7+ Kg6 58.
Qe8+ 1/2-1/2

[Event "38. Open Ciudad de San Sebastián"]
[Site "San Sebastián ESP"]
[Date "2015.03.30"]
[Round "4.21"]
[White "Darrigues, Alain"]
[Black "Al-hajiri, Bader"]
[Result "0-1"]
[WhiteElo "1863"]
[BlackElo "2115"]
[PlyCount "64"]
[EventDate "2015.03.28"]
[EventType "swiss"]
[EventRounds "9"]
[EventCountry "ESP"]
[Source "lmi"]
[SourceDate "2015.03.28"]

1. d4 d5 2. c4 c6 3. Nf3 Nf6 4. cxd5 cxd5 5. Nc3 Nc6 6. Bf4 a6 7. e3 Bf5 8. Bd3
Bxd3 9. Qxd3 e6 10. O-O Rc8 11. Rac1 Be7 12. h3 O-O 13. Rfd1 b5 14. e4 Nb4 15.
Qb1 dxe4 16. Nxe4 Nxe4 17. Rxc8 Qxc8 18. Qxe4 Nxa2 19. d5 Qb7 20. Qb1 Nb4 21.
d6 Bf6 22. Bg5 Nd5 23. Qe4 Qd7 24. Bxf6 Nxf6 25. Qb4 Nd5 26. Qa3 Qb7 27. Ne5
Rd8 28. Qc5 Qb8 29. Rxd5 exd5 30. Qxd5 Qxd6 31. Qxf7+ Kh8 32. Qh5 Qd1+ 0-1